Statistics for Austria at the Eurovision Song Contest

Click here to take the quiz!

General Stats

  • This quiz has been taken 78 times
    (4 since last reset)
  • The average score is 30 of 55

Answer Stats

YearSongArtist% Correct
2014Rise like a phoenixConchita Wurst
100%
1966Merci chérieUdo Jürgens
100%
1964Warum nur, warum?Udo Jürgens
100%
1965Sag ihr, ich laß sie grüßenUdo Jürgens
100%
1984Einfach wegAnita
75%
1963Vielleicht geschieht ein WunderCarmela Corren
75%
2018Nobody but youCesár Sampson
75%
1979Heute in JerusalemChristina Simon
75%
1985Kinder dieser WeltGary Lux
75%
1987Nur noch GefühlGary Lux
75%
1961SehnsuchtJimmy Makulis
75%
1968Tausend FensterKarel Gott
75%
2002Say a wordManuel Ortega
75%
2011The secret is loveNadine Beiler
75%
1990Keine Mauern mehrSimone Stelzer
75%
1995Die Welt dreht sich verkehrtStella Jones
75%
1991Venedig im RegenThomas Forstner
75%
1989Nur ein LiedThomas Forstner
75%
1986Die Zeit ist einsamTimna Brauer
75%
1992Zusammen geh’nTony Wegas
75%
1993Maria MagdalenaTony Wegas
75%
2016Loin d'iciZoë
75%
2003Weil der Mensch zähltAlf Poier
50%
1980Du bist MusikBlue Danube
50%
1962Nur in der Wiener LuftEleonore Schwarz
50%
1996Weil’s dr guat gotGeorge Nussbaumer
50%
2005Y asíGlobal Kryner
50%
1971MusikMarianne Mendt
50%
1981Wenn du da bistMarty Brem
50%
1982SonntagMess
50%
1972Falter im WindMilestones
50%
2013ShineNatália Kelly
50%
2017Running on airNathan Trent
50%
2019LimitsPænda
50%
1967Warum es hunderttausend Sterne gibtPeter Horton
50%
1977Boom boom boomerangSchmetterlinge
50%
2015I am yoursThe Makemakes
50%
2000All to youThe Rounder Girls
50%
2004Du bistTie Break
50%
2012Woki mit deim popoTrackshittaz
50%
2021AmenVincent Bueno
50%
1976My little worldWaterloo & Robinson
50%
1983HurricaneWestend
50%
1988Lisa, Mona LisaWilfried
50%
1997One stepBettina Soriat
25%
2007Get a life - get aliveEric Papilaya
25%
1959Der K und K Kalypso aus WienFerry Graf
25%
2022HaloLum!x feat. Pia Maria
25%
1999ReflectionBobbie Singer
0%
1957Wohin, kleines Pony?Bob Martin
0%
1960Du hast mich so fasziniertHarry Winter
0%
1958Die ganze Welt braucht LiebeLiane Augustin
0%
1994Für den Frieden der WeltPetra Frey
0%
1978Mrs. Caroline RobinsonSpringtime
0%
2023Who the hell is Edgar?Teya & Salena
0%

Score Distribution

Percentile by Number Answered

Percent of People with Each Score

Your Score History

You have not taken this quiz since the last reset